00389nam a2200157Ia 45000010006000000050017000060080041000230410008000640820019000721000031000912450056001222600009001783000028001876500008002156540008002232340120260414150935.0260414t1998||||xx |||||||||||||| ||spa|| aESP a636.30846bR93 aRuiz Martín, FelipeeAUT 0aMesta, trashumancia y lana en la España modernab c1998 a415 páginas :c20 cm. aCNM aCCN